The Oxford companion to music

Đã lưu trong:
Chi tiết về thư mục
Tác giả chính: Scholes, Percy A (Tác giả)
Định dạng: Sách
Ngôn ngữ:Tiếng Anh
Được phát hành: Londres Oxford University 1970
Phiên bản:10a. ed
Những chủ đề:
Các nhãn: Thêm thẻ
Không có thẻ, Là người đầu tiên thẻ bản ghi này!

MARC

LEADER 00000nam a2200000 a 4500
001 UCN1112
003 CL-VaPUC
008 010420e19700000UK |||||||||||||||||eng|d
082 0 4 |a 780.3  |b SCH  |2 21 
100 0 |a Scholes, Percy A  |e author  |9 456510 
245 1 4 |a The Oxford companion to music 
250 |a 10a. ed 
300 |a 1189 p 
942 |c BK 
945 |d 20010420 00:00:00  |a crobeson 
260 |a Londres  |b Oxford University  |c 1970 
650 0 |a Música   |9 306770 
650 0 |a Teoría musical  |9 265760 
650 0 |a Músicos  |9 306340 
650 0 |a Compositores  |9 306451 
650 0 |a Biobibliografías  |9 412305 
583 |a last modification  |c 20010420 00:00:00  |k Rodrigo Vera 
999 |c 294689  |d 294687 
952 |0 0  |1 0  |4 0  |6 780_300000000000000_SCH_1970  |7 0  |8 F  |9 347371  |a BIBEDU  |b BIBEDU  |d 2019-11-20  |i 1248057  |o 780.3 SCH 1970  |p 1248057  |r 2023-01-12  |w 2019-11-20  |y BK_F  |k MUS